[Event "Mallorca-ch School U16"]
[Site "Mallorca"]
[Date "2018.02.09"]
[Round "2"]
[White "Cisneros Serra, Javier"]
[Black "Storti Bordoy, Sergi"]
[Result "1-0"]
[WhiteElo "1862"]
[BlackElo "1410"]
[PlyCount "43"]
[EventDate "2018.02.02"]
[EventType "swiss"]
[EventRounds "6"]
[EventCountry "ESP"]
[SourceTitle "EXT 2024"]
[Source "ChessBase"]
[SourceDate "2023.10.10"]
[SourceVersion "1"]
[SourceVersionDate "2023.10.10"]
[SourceQuality "1"]

1. e4 c5 2. Nf3 d6 3. d4 cxd4 4. Nxd4 Nf6 5. Nc3 g6 6. Be3 Bg7 7. f3 0-0 8. Qd2 Nc6 9. g4 Ne5 10. 0-0-0 Ne8 11. h4 Nc7 12. h5 Ne6 13. hxg6 fxg6 14. Qh2 Nxd4 15. Qxh7+ Kf7 16. Bxd4 Rh8 17. Bc4+ e6 18. Bxe5 Rxh7 19. Rxh7 Qa5 20. Rxg7+ Kf8 21. Bf6 Qc5 22. Rh1 1-0

[Event "Santa Margalida Mallorca-ch"]
[Site "Santa Margalida"]
[Date "2016.11.26"]
[Round "6"]
[White "Storti Bordoy, Sergi"]
[Black "Sureda Gonzalez, Cristina"]
[Result "1-0"]
[WhiteElo "1448"]
[BlackElo "1154"]
[PlyCount "47"]
[EventDate "2016.11.11"]
[EventType "swiss"]
[EventRounds "8"]
[EventCountry "ESP"]
[SourceTitle "EXT 2018"]
[Source "ChessBase"]
[SourceDate "2017.10.13"]
[SourceVersion "1"]
[SourceVersionDate "2017.10.13"]
[SourceQuality "1"]

1. d4 d5 2. g3 Nf6 3. Nf3 Nc6 4. Bg2 g6 5. c4 Bg7 6. Nc3 Bf5 7. Nh4 Be4 8. Nxe4 dxe4 9. d5 Ne5 10. 0-0 0-0 11. Qb3 Rb8 12. Rd1 Qd6 13. Bf4 e6 14. dxe6 Qxe6 15. c5 Rfe8 16. Qxe6 Rxe6 17. Rab1 Rc8 18. Bh3 Ree8 19. Bxe5 g5 20. Bxc8 Rxe5 21. Rd8+ Bf8 22. Ng2 Rxc5 23. Bxb7 Rc2 24. Ra8 1-0

[Event "Santa Margalida Mallorca-ch"]
[Site "Santa Margalida"]
[Date "2016.11.25"]
[Round "5"]
[White "Cabezas Lopez, Jesus"]
[Black "Storti Bordoy, Sergi"]
[Result "1-0"]
[WhiteElo "1666"]
[BlackElo "1448"]
[PlyCount "37"]
[EventDate "2016.11.11"]
[EventType "swiss"]
[EventRounds "8"]
[EventCountry "ESP"]
[SourceTitle "EXT 2018"]
[Source "ChessBase"]
[SourceDate "2017.10.13"]
[SourceVersion "1"]
[SourceVersionDate "2017.10.13"]
[SourceQuality "1"]

1. d4 Nf6 2. Nf3 g6 3. g3 Bg7 4. Bg2 d6 5. c4 0-0 6. 0-0 c5 7. Nc3 a6 8. Qb3 Qc7 9. dxc5 Qxc5 10. Be3 Qc7 11. Bb6 Qd7 12. Rfd1 Nh5 13. c5 Nc6 14. cxd6 exd6 15. Ne4 Re8 16. Nfg5 h6 17. Nxd6 Nf6 18. Ndxf7 Qe7 19. Bc5 1-0

[Event "Campos Migjorn op"]
[Site "Campos"]
[Date "2016.10.01"]
[Round "8"]
[White "Ferrer Agus, Rodrigo"]
[Black "Storti Bordoy, Sergi"]
[Result "0-1"]
[WhiteElo "1337"]
[BlackElo "1422"]
[PlyCount "76"]
[EventDate "2016.09.09"]
[EventType "swiss"]
[EventRounds "8"]
[EventCountry "ESP"]
[SourceTitle "EXT 2017"]
[Source "ChessBase"]
[SourceDate "2016.10.25"]
[SourceVersion "1"]
[SourceVersionDate "2016.10.25"]
[SourceQuality "1"]

1. e4 c5 2. Nc3 d6 3. f4 Nf6 4. Nf3 g6 5. d3 Bg7 6. g3 0-0 7. Bg2 Qb6 8. Rb1 e6 9. h3 Nh5 10. Ne2 Qa5+ 11. c3 Qxa2 12. Be3 Qa5 13. g4 Nf6 14. Ng3 Nc6 15. 0-0 Qc7 16. g5 Nd7 17. h4 f5 18. exf5 exf5 19. h5 Re8 20. Re1 Nb6 21. Nh4 Qf7 22. Kf2 Be6 23. Bxc6 bxc6 24. c4 Re7 25. Rh1 Rae8 26. Bd2 Bd7 27. Re1 Bd4+ 28. Be3 Bxe3+ 29. Rxe3 Rxe3 30. Ra1 gxh5 31. Rxa7 Qg7 32. Qb3 Qd4 33. Kg2 Qxd3 34. Qxd3 Rxd3 35. Nxh5 Re2+ 36. Kf1 Rh2 37. Nf6+ Kf7 38. Kg1 Rxh4 0-1

[Event "Campos Migjorn op"]
[Site "Campos"]
[Date "2016.09.10"]
[Round "2"]
[White "Fentes Caceres, Daniel"]
[Black "Storti Bordoy, Sergi"]
[Result "1-0"]
[WhiteElo "1728"]
[BlackElo "1422"]
[PlyCount "67"]
[EventDate "2016.09.09"]
[EventType "swiss"]
[EventRounds "8"]
[EventCountry "ESP"]
[SourceTitle "EXT 2017"]
[Source "ChessBase"]
[SourceDate "2016.10.25"]
[SourceVersion "1"]
[SourceVersionDate "2016.10.25"]
[SourceQuality "1"]

1. d4 Nf6 2. c4 g6 3. Nc3 Bg7 4. e4 d6 5. Nf3 0-0 6. Be2 c5 7. 0-0 cxd4 8. Nxd4 Qb6 9. Nb3 Rd8 10. Be3 Qc7 11. f3 Nc6 12. Rc1 Qd7 13. Qc2 Nb4 14. Qb1 b6 15. Rfd1 Nc6 16. c5 bxc5 17. Nxc5 Qe8 18. Na6 Bxa6 19. Bxa6 Rab8 20. Bb5 Rdc8 21. Ba4 Qd7 22. b3 a6 23. Nd5 Qb7 24. Bxc6 Rxc6 25. Rxc6 Nxd5 26. exd5 e6 27. Rxd6 exd5 28. R6xd5 Qb4 29. Rd8+ Rxd8 30. Rxd8+ Bf8 31. Qc1 h5 32. Bc5 Qa5 33. Rxf8+ Kh7 34. Rxf7+ 1-0

[Event "Palma Bellon Memorial U16"]
[Site "Palma"]
[Date "2016.04.30"]
[Round "4.5"]
[White "Milla Mercado, Juan Manuel"]
[Black "Storti Bordoy, Sergi"]
[Result "0-1"]
[WhiteElo "1268"]
[BlackElo "1449"]
[PlyCount "48"]
[EventDate "2016.04.29"]
[EventType "swiss"]
[EventRounds "6"]
[EventCountry "ESP"]
[SourceTitle "EXT 2024"]
[Source "ChessBase"]
[SourceDate "2023.10.10"]
[SourceVersion "1"]
[SourceVersionDate "2023.10.10"]
[SourceQuality "1"]

1. c4 Nf6 2. Nc3 g6 3. g3 Bg7 4. Bg2 d6 5. Nf3 0-0 6. 0-0 c5 7. d4 cxd4 8. Nxd4 Nbd7 9. Bg5 Qc7 10. Ndb5 Qxc4 11. Qd3 Qxd3 12. exd3 h6 13. Be3 Nc5 14. Bxc5 dxc5 15. Rfe1 e6 16. Rab1 Rd8 17. Bf1 a6 18. Na3 b5 19. b4 cxb4 20. Rxb4 Bf8 21. Rf4 Nh5 22. Nc2 Nxf4 23. gxf4 Bb7 24. Ne3 Bb4 0-1

[Event "Mallorca School Castell D'Alaro op"]
[Site "Mallorca"]
[Date "2016.03.31"]
[Round "6.2"]
[White "Storti Bordoy, Sergi"]
[Black "Cisneros, Javier"]
[Result "1-0"]
[WhiteElo "1381"]
[BlackElo "1569"]
[PlyCount "25"]
[EventDate "2016.03.30"]
[EventType "swiss"]
[EventRounds "6"]
[EventCountry "ESP"]
[SourceTitle "EXT 2024"]
[Source "ChessBase"]
[SourceDate "2023.10.10"]
[SourceVersion "1"]
[SourceVersionDate "2023.10.10"]
[SourceQuality "1"]

1. d4 c5 2. Nf3 Nf6 3. g3 b5 4. Bg2 Bb7 5. a4 b4 6. c3 e6 7. 0-0 Be7 8. cxb4 cxb4 9. Bf4 Na6 10. Qd3 Nc7 11. Rc1 Rc8 12. Nbd2 Ba6 13. Bxc7 1-0

[Event "Mallorca-ch U14"]
[Site "Mallorca"]
[Date "2016.03.04"]
[Round "4.1"]
[White "Storti Bordoy, Sergi"]
[Black "Cisneros Serra, Javier"]
[Result "0-1"]
[WhiteElo "1381"]
[BlackElo "1569"]
[PlyCount "56"]
[EventDate "2016.02.05"]
[EventType "swiss"]
[EventRounds "6"]
[EventCountry "ESP"]
[SourceTitle "EXT 2024"]
[Source "ChessBase"]
[SourceDate "2023.10.10"]
[SourceVersion "1"]
[SourceVersionDate "2023.10.10"]
[SourceQuality "1"]

1. d4 Nf6 2. Nf3 e6 3. g3 b5 4. Bg2 Bb7 5. 0-0 c5 6. a4 a6 7. axb5 axb5 8. Rxa8 Bxa8 9. c3 Na6 10. Bg5 Be7 11. Qb3 Qa5 12. Na3 Bc6 13. Ne5 Bxg2 14. Kxg2 Nc7 15. dxc5 Bxc5 16. Rd1 Nfd5 17. c4 f6 18. cxd5 Nxd5 19. Nec4 Qa8 20. f3 bxc4 21. Qxc4 Bxa3 22. bxa3 fxg5 23. Qe4 0-0 24. Rc1 Qxa3 25. Re1 Qe3 26. Qa4 Qd2 27. Rf1 Ne3+ 28. Kf2 Nxf1 0-1